| 000 | 00968nam a22002057a 4500 | ||
|---|---|---|---|
| 003 | NALT | ||
| 005 | 20240618142821.0 | ||
| 008 | s2553 th tha d | ||
| 040 | _aNALT | ||
| 041 | _atha | ||
| 090 |
_aอศ _bญ211อ 2553 |
||
| 245 | 1 | 0 | _aออกเมรุพระราชทานเพลิงศพ สมเด็จพระญาณวโรดม (ประยูร สนฺตงฺกุรเถร) |
| 260 | 3 |
_aกรุงเทพฯ : _bขุมทองอุตสาหกรรมและการพิมพ์, _c2553 |
|
| 300 |
_a144 หน้า : _b ภาพประกอบ, ตาราง ; _c 25 ซม. |
||
| 650 | 0 | 4 | _aสมเด็จพระญาณวโรดม -- ชีวประวัติ |
| 650 | 0 | 4 | _aประยูร พยุงธรรม -- ชีวประวัติ |
| 850 | _aNALT | ||
| 856 | 4 | 0 | _uhttps://dl.parliament.go.th/handle/lirt/586209 |
| 942 |
_cCRE _2lcc |
||
| 999 |
_c61209 _d61209 |
||
| 998 |
_j1020 _k จำเรียง ระวังสำโรง |
||